HIGH COURT CRIMINAL SESSION NO.77 OF 1970 Uganda Vs Kasenke s/o Kibumba (Record no. 6735)
[ view plain ]
| 000 -LEADER | |
|---|---|
| fixed length control field | 00468nam a22001097a 4500 |
| 008 - FIXED-LENGTH DATA ELEMENTS--GENERAL INFORMATION | |
| fixed length control field | 150624b xxu||||| |||| 00| 0 eng d |
| 010 ## - LIBRARY OF CONGRESS CONTROL NUMBER | |
| Field link and sequence number | HCCRS ARF:007 |
| 245 ## - TITLE STATEMENT | |
| Title | HIGH COURT CRIMINAL SESSION NO.77 OF 1970 Uganda Vs Kasenke s/o Kibumba |
| 260 ## - PUBLICATION, DISTRIBUTION, ETC. (IMPRINT) | |
| Place of publication, distribution, etc | High Court Kampala |
| 500 ## - GENERAL NOTE | |
| Materials specified | (Original criminal case no. MJ.376/1969 in the Chief Magistrate's Court of Jinja at Jinja Before-H.Katembeko Esq.Mag.Grade1) |
| 500 ## - GENERAL NOTE | |
| Materials specified | BEFORE:The Honourable Mr.Ag.Justice S.W.W. Wambuzi |
| Withdrawn status | Lost status | Source of classification or shelving scheme | Damaged status | Koha normalized classification for sorting | Not for loan | Location (home branch) | Sublocation or collection (holding branch) | Shelving location | Date acquired | Koha issues (times borrowed) | Koha full call number | Piece designation (barcode) | Koha date last seen | Price effective from | Koha item type | Public note |
|---|---|---|---|---|---|---|---|---|---|---|---|---|---|---|---|---|
| Dewey Decimal Classification | HCCRS_ARF007 | Archives | Archives | Archives | 06/24/2015 | HCCRS ARF:007 | 1070/2015 | 06/24/2015 | 06/24/2015 | Un Reported Cases | Judgement was entered on 25th May 1970 | |||||
| Dewey Decimal Classification | HCCRS_ARF007 | Archives | Archives | Archives | 06/24/2015 | HCCRS ARF:007 | 1071/2015 | 06/24/2015 | 06/24/2015 | Un Reported Cases | Judgement was entered on 25th May 1970 |
